State, power, socialism /
Guardado en:
| Hovedforfatter: | |
|---|---|
| Format: | Bog |
| Sprog: | English |
| Udgivet: |
London:
Verso,
1980.
|
| Fag: | |
| Tags: |
Tilføj Tag
Ingen Tags, Vær først til at tagge denne postø!
|
MARC
| LEADER | 00000cam a2200000 i 4500 | ||
|---|---|---|---|
| 001 | 870874 | ||
| 005 | 20140929071709.0 | ||
| 008 | 790611s1980 enk b 001 0 eng | ||
| 020 | |a 086091013X : | ||
| 040 | |a DLC |c DLC |d DLC |b CIICLA | ||
| 041 | 1 | |a engfre | |
| 082 | 0 | 0 | |a 320.1 |b P874e |
| 100 | 1 | |a Poulantzas, Nicos Ar. | |
| 245 | 1 | 0 | |a State, power, socialism / |c [by] Nicos Poulantzas ; translated [from the French] by Patrick Camiller. |
| 260 | |a London: |b Verso, |c 1980. | ||
| 300 | |a 269 páginas | ||
| 500 | |a Traducción de: L'état, le pouvoir, le socialisme. | ||
| 504 | |a Incluye referencias bibliográficas e índice. | ||
| 650 | 4 | |a ESTADO | |
| 650 | 4 | |a ESTADO COMUNISTA | |
| 650 | 4 | |a CLASES SOCIALES | |
| 942 | |2 ddc |c BK | ||
| 999 | |c 3522 |d 3522 | ||



